000 04433nab a2200337 i 4500
003 BR-BrBNA
005 20241213135926.0
008 241213b2015 bl.|r|pooa||| 00| 0 eng |
040 _aBR-BrBNA
_beng
072 _aL53
_b5213
100 _aMartin, I.
100 _aMembrive, C.M.B.
100 _aVettorato, L.F.
100 _aBinelli, M.
100 _aOba, E.
100 _aFerreira, J.C.P.
245 _aPlasma PGFM and progesterone concentrations, luteolysis moment and estrous cycle length in Nelore cows submitted to uterine biopsies
500 _aPublicação online; 28 ref.; Summaries (En, Pt)
520 _a ABSTRACT - In this study, endometrial samples were collected in 14 Nelore cows on days zero (ovulation), five, nine, thirteen and nineteen of the estrous cycle (biopsy group), and in 15 females these collections weren’t performed (control group). Biopsies were done on the uterine horn endometrium contralateral to the ovary with corpus luteum. Blood samples were taken at -24, -16, -8, 0 +8, +16 and +24 hours in relation to progesterone drop (<1ng/mL, zero moment) and evaluated for 13, 14-dihydro-15-keto prostaglandin F2-alpha (PGFM) by radioimmunoassay (RIA). Plasma progesterone concentration was determined by RIA every 24 hours. Data were analyzed by ANOVA using the PROC GLM and MIXED of the SAS. The mean value for PGFM during the entire period evaluated was greater in the biopsy group. The mean concentration of PGFM at moment zero was not different between the groups; the mean concentration of PGFM was higher in the biopsy group before and after the drop in progesterone level. The maximum mean concentration observed was not different between the groups; however, the mean minimum concentration was different with high values in the biopsy group. Although the PGFM concentrations were higher in the biopsy group, the biopsy and control groups had similar length of estrous cycle showing that repeated endometrial biopsy on the side contralateral to the ovary with corpus luteum does not affect luteolysis and the length of the estrous cycle. Keywords: endometrium; bovine; 13, 14-dihydro-15-keto prostaglandin F2-alpha; progesteronic phase; corpus luteum
520 _a RESUMO - No presente estudo, foram coletadas amostras endometriais de 14 vacas Nelore nos dias zero (dia da ovulação), cinco, nove, 13 e 19 do ciclo estral (grupo controle), e em 15 fêmeas essas coletas não foram realizadas (grupo controle). As biópsias foram realizadas no corno uterino contralateral ao ovário contendo o corpo lúteo. Amostras plasmáticas foram coletadas nos momentos -24, -16, -8, 0 +8, +16 e +24 horas em relação à queda de progesterona (<1ng/mL, momento zero) e avaliadas quanto à concentração de 13, 14-dihidro-15-ceto prostaglandina F2-alpha (PGFM) por radioimunoensaio (RIA). As concentrações plasmáticas de progesterona foram avaliadas a cada 24 horas também por RIA. Os dados foram analisados por ANOVA empregando-se PROC GLM e MIXED do SAS. O valor médio de PGFM durante todo o período avaliado foi maior no grupo biópsia. A concentração média de PGFM no momento zero não diferiu entre os grupos, e foi maior no grupo biópsia antes e após a queda de progesterona. A concentração máxima observada não foi diferente entre os grupos, porém a concentração mínima diferiu com maiores valores observados no grupo biópsia. Embora as concentrações de PGFM fossem maior no grupo biópsia, ambos os grupos apresentaram o mesmo comprimento do ciclo estral, demonstrando que a coleta repetitiva de biópsias endometriais no corno uterino contraletral ao ovário contendo o corpo lúteo não afeta a luteólise e o comprimento do ciclo estral. Palavras-chave: endométrio, bovino, 13, 14-di-hidro-15-ceto prostaglandina F2-alpha, fase progesterônica, corpo lúteo
650 _aGADO NELORE
650 _aCICLO ESTRAL
650 _aPROGESTERONA
650 _aCORPO LÚTEO
650 _aBIOQUÍMICA
650 _aREPRODUÇÃO ANIMAL
773 0 _01643
_9315896
_dBelo Horizonte-MG Universidade Federal de Minas Gerais - Escola de Veterinaria 1983
_o2024-2261
_tArquivo Brasileiro de Medicina Veterinária e Zootecnia (Brazil)
_x0102-0935
_gv. 67(5) p. 1210-1216; (2015)
_wBR2024003987
856 _uhttps://www.scielo.br/j/abmvz/a/ZtKBTrNJrLW7P35P9mNt6fD/?format=pdf&lang=en
942 _cANA
999 _c329234
_d329234